000 00327 a2200109 4500
001 ART_54646
005 20260410162029.0
008 260409a
245 1 0 _aDerecho del consumidor y acceso a la justicia
100 1 _aRossi, Jorge O.
773 0 _tTemas de derecho procesal
_g- N° 11 (nov. 2021)
_wREV44095
999 _c33824
_d33824